Russia in the Far East /

Guardat en:
Dades bibliogràfiques
Autor principal: Pasvolsky, Leo, 1893-1953
Format: Llibre
Idioma:English
Publicat: New York : Macmillan, 1922.
Matèries:
LEADER 01100nam a2200289 i 4500
001 c000255008
003 CARM
005 00000000000000.0
008 850205s1922 nyu b 000 0 eng d
019 1 |a 3147917  |5 LACONCORD2021 
020 |a 0830500871 
035 |a (OCoLC)411413  |5 LACONCORD2021 
082 0 4 |a 327.47051 
100 1 |a Pasvolsky, Leo,  |d 1893-1953. 
245 1 0 |a Russia in the Far East /  |c by Leo Pasvolsky. 
260 |a New York :  |b Macmillan,  |c 1922. 
300 |a ix, 181 p. ;  |c 22 cm. 
504 |a Includes bibliographical references. 
650 0 |a Eastern question (Far East) 
650 0 |a Communism  |z Soviet Union  |x History. 
651 0 |a Soviet Union  |x Foreign relations  |z China. 
651 0 |a China  |x Foreign relations  |z Soviet Union. 
651 0 |a Soviet Union  |x Foreign relations  |z Japan. 
651 0 |a Japan  |x Foreign relations  |z Soviet Union. 
852 8 |b CARM  |h A2:AR13F0  |i B06975  |p 0337456  |f BK 
999 f f |i 8de6b0ae-c37a-5beb-b6e5-80619603b43a  |s b8d16d8f-9c9e-557c-a5b8-0cbb04b85a1c 
952 f f |p Can circulate  |a CAVAL  |b CAVAL  |c CAVAL  |d CARM 1 Store  |e B06975  |f A2:AR13F0  |h Other scheme  |i book  |m 0337456